000 00540nam a2200169 4500
001 122203
003 ES-MaACL
005 20251116063103.0
007 t|
008 070214s1986 sp r ||||1| spa d
100 0 _aPrieto-Castro y Ferrándiz, Leonardo
_993919
245 1 0 _aDerecho de Tribunales
_b: organización, funcionamiento, gobierno /
_cLeonardo Prieto-Castro y Ferrándiz.
260 _aPamplona :
_bAranzadi,
_c1986.
300 _a723 p. ;
_c25 cm.
852 _aES-MaACL
_jL-9796
_bR.112091
999 _c122203
_d122203